000 00784nam a2200253 i 4500
001 000033350
003 DO-SdBNP
005 20250218091048.0
007 ta
008 110825s1945 dr 000 0 spa d
040 _aDO-SdBNP
_bspa
_cBNPHU
_erda
041 _hspa
082 _axxx
_bC352a
_222
100 1 _aCastillo González, Epifanio del
_eautor
_958936
245 1 0 _aAlgo acerca de las fiestas tradicionales en Santo Domingo colonial /
_cEpifanio del Castillo González.
264 _aCiudad Trujillo, República Dominicana :
_bUASD,
_c1945.
300 _a14 páginas ;
_c21 cm.
336 _ardacontent
_btexto
_2txt
337 _ardamedia
_bsin mediación
_2n
338 _ardacarrier
_bvolumen
_2nc
590 _aInventariado,2025/DG
910 _aDG
942 _2ddc
_cLBS1
999 _c32841
_d32841